000 00468nam a22001817a 4500
003 koha_MIRAKIL
005 20231213100329.0
008 231213b |||||||| |||| 00| 0 ||| d
040 _aTR-IsEVY
_btur
_cTR-IsEVY
082 _a813.42 HİK
100 _aeditör Mehmed Akif Üzmer.
245 0 _aHikaye gemisi
260 _bMürüvvet Evyap Okulları,
_c2016
300 _a310 s.
650 _aTürk hikayeleri.
650 _aTurkish stories.
942 _2ddc
_cBK
999 _c18241
_d18241